000 00359nam a2200145Ia 4500
008 230917s9999||||xx |||||||||||||| ||und||
040 _e183624
_aMAIN
041 _aEnglish
082 _a338.4791 A67S
100 _aArora, R K
245 0 _aSuccessful tourism marketing
260 _aNew Delhi
_bMohit Publications
_c2007
300 _a218 p.
942 _cBK
999 _c153596
_d153596